[Event "Hokkaido.Ch2022"]
[Site "?"]
[Date "2022.03.26"]
[Round "3.5"]
[White "Nishimori, Toshiyuki	"]
[Black "Kawamura, Takuto"]
[Result "1-0"]
[WhiteElo "1675"]
[BlackElo "1462"]
[Annotator "Fritz 11 SE (30s)"]
[PlyCount "113"]
[SourceVersionDate "2022.03.28"]

{[%mdl 8256] B18: Classical Caro-Kann: 4...Bf5 sidelines} 1. e4 c6 2. d4 d5 3.
Nc3 dxe4 4. Nxe4 Bf5 5. Ng3 Bg6 6. Nf3 Nd7 7. Bc4 Ngf6 8. O-O e6 9. Bg5 (9. Re1
Be7 10. a4 O-O 11. c3 c5 12. a5 Qc7 13. Qe2 Rfe8 14. a6 Bf8 15. Bb5 Reb8 16.
Bg5 Nd5 17. Ne5 Nxe5 18. dxe5 Qb6 19. Bc1 bxa6 20. Bxa6 Rd8 21. h4 h6 22. h5
Bh7 23. Ne4 Qc7 {Kagan,S (2445)-Huebner,R (2595) Luzern 1979 1-0 (56)}) 9...
Be7 10. Re1 (10. Qe2 O-O 11. Rad1 Qc7 12. Rfe1 Rfe8 13. Bb3 c5 14. c3 Rac8 {
1/2-1/2 (14) Lengyel,B (2268)-Eperjesi,L (2294) Budapest 2009}) 10... O-O 11.
c3 $146 {Secures b4} (11. Nh4 Nb6 (11... Re8 12. Nxg6 hxg6 13. c3 Qa5 14. Bxf6
Nxf6 15. Qf3 Bd6 16. a4 Qg5 17. Ne4 {1/2-1/2 (17) Lengyel,B (2261)-Szamoskozi,
G (2280) Budapest 2008}) 12. Nxg6 hxg6 13. Bf1 c5 14. dxc5 Bxc5 15. Ne4 Be7 16.
Qf3 Nbd5 17. Bxf6 Nxf6 18. Nxf6+ Bxf6 19. Rad1 Qb6 {1/2-1/2 (19) Lengyel,B 
(2289)-Petran,P (2369) Budapest 2007}) 11... b5 12. Bb3 h6 {Black threatens to
win material: h6xg5} 13. Bf4 (13. Bxf6 Bxf6 (13... Nxf6 $143 14. Ne5 $16) 14.
Bc2 Bxc2 15. Qxc2 Qc7 $14) 13... Nd5 $11 14. Bxd5 (14. Bd2 Qc7 $11) 14... cxd5
$15 {Black has the pair of bishops} 15. Qd2 Kh7 (15... Rc8 16. a3 $15) 16. Re2
(16. a4 a6 $11) 16... a5 $15 17. h3 Rc8 18. a3 {Covers b4} Qb6 19. Nh2 (19. Nf1
b4 $17) 19... Nf6 (19... b4 $5 20. axb4 axb4 $17) 20. Nf3 $11 Bh5 21. Nxh5 Nxh5
22. Qd3+ Kg8 23. Bd2 Nf6 24. Ne5 Rc7 25. Rae1 b4 {Black gains space} 26. a4 (
26. axb4 axb4 27. Qg3 Kh8 $11) 26... bxc3 27. bxc3 Qb3 28. Qb5 Qxb5 29. axb5 {
White has a new passed pawn: b5. Black has a new passed pawn: a5} Ne4 {Black
threatens to win material: Ne4xc3} (29... a4 30. Rb1 $15) 30. Nc6 $11 Nd6 (
30... Rb7 31. Rb1 $11) 31. Ra1 {White threatens to win material: Ra1xa5} (31.
Bf4 $142 $5 Rxc6 32. bxc6 $16) 31... Nxb5 $11 32. Nxe7+ Rxe7 33. Rxa5 Nd6 (
33... Rb7 $5 $15 {is an interesting alternative}) 34. Rxd5 $14 {Deflection: e6}
Nc4 (34... exd5 35. Re5 {Decoy Double attack} (35. Rxe7 {Deflection Pinning}))
35. Rc5 $16 Nxd2 36. Rxd2 Rd7 37. Re2 g5 38. Re4 Rfd8 39. g4 Kf8 40. Kg2 Ke7
41. Kg3 Rd6 42. f4 Kf6 43. f5 Rd5 44. Rxd5 (44. Rc6 $5 R8d6 45. Rxd6 Rxd6 46.
fxe6 fxe6 47. Kf2 $16) 44... exd5 $14 45. Re5 Rd6 46. Kf3 Rc6 {Black threatens
to win material: Rc6xc3} 47. Re3 Rd6 48. Ke2 Ra6 49. Kd3 Ra3 (49... Ra2 50. Rf3
$14) 50. Re5 $16 {White threatens to win material: Re5xd5} Ra5 51. Kc2 Rb5 (
51... Ra2+ $5 52. Kb3 Rh2 $16) 52. c4 $1 {Deflection: d5} Rb4 (52... dxc4 53.
Rc5 {Decoy Double attack} (53. Rxb5 {Deflection Pinning})) (52... Z0 $140 53.
cxb5 {Mate threat}) 53. Rxd5 (53. cxd5 $6 Rxd4 54. Re3 Rxd5 $11) 53... Rxc4+
54. Kb3 Rc6 55. Rc5 Rd6 (55... Rb6+ 56. Kc4 $16) 56. Kc4 Ke7 $4 {the position
is going down the drain} (56... Ra6 $142 $16) 57. Rc7+ $18 (57. Rc7+ Kf6 58.
Kc5 $18) 1-0

[Event "Hokkaido.Ch2022"]
[Site "?"]
[Date "2022.03.27"]
[Round "4.1"]
[White "Kimura, Ryota"]
[Black "Kojima, Natsumi"]
[Result "1-0"]
[WhiteElo "1681"]
[BlackElo "1677"]
[Annotator "Fritz 11 SE (30s)"]
[PlyCount "127"]
[SourceVersionDate "2022.03.28"]

{[%mdl 8192] C45: Scotch Game} 1. e4 e5 2. Nf3 Nc6 3. d4 exd4 4. Nxd4 Nf6 5.
Nxc6 bxc6 6. e5 Qe7 7. Qe2 Nd5 8. c4 Ba6 9. b3 g6 10. f4 Bg7 11. Qe4 (11. Qf2
Nf6 (11... Nb6 12. Ba3 Qe6 13. Nd2 Qe7 14. Nb1 d6 {1/2-1/2 (14) Akhayan,R 
(2245)-Beukema,S (2295) Antwerp 2013}) 12. Be2 d6 13. Bf3 O-O 14. O-O Bb7 15.
Bb2 Nd7 16. exd6 cxd6 17. Bxg7 Kxg7 18. Nc3 Nf6 19. Rad1 Rfd8 20. Rd3 d5 21.
cxd5 cxd5 22. Rfd1 Qc7 23. Qd4 Qb6 24. Nxd5 Bxd5 25. Bxd5 Rxd5 {Van der Wiel,J
(2555)-Beliavsky,A (2640) Groningen 1994 1/2-1/2 (38)}) 11... Nf6 $146 (11...
f5 12. Qe2 (12. Qf3 Nb4 13. Na3 d6 14. Bb2 dxe5 15. Bxe5 Bxe5 16. fxe5 Qxe5+
17. Qe2 Qxe2+ 18. Bxe2 O-O-O 19. O-O Rd2 20. Bf3 Bb7 21. c5 Rxa2 22. Rxa2 Nxa2
23. Nc2 Nc3 24. Re1 Kd7 25. Nd4 Re8 26. Rc1 Ne4 {Cerovic,D (2201)-Markovic,M 
(2193) Belgrade 2009 1/2-1/2 (72)}) 12... Nb4 13. Qd2 c5 14. Nc3 d6 15. a3 Nc6
16. Nd5 Qf7 17. Bb2 dxe5 18. fxe5 O-O 19. O-O-O Rab8 20. Kc2 Nxe5 21. Qf4 Rfe8
22. Re1 Ng4 23. Bxg7 Qxg7 24. Bd3 Ne5 25. Qg5 Kh8 26. Qf6 {Kjeldsen,J (2305)
-Ochsner,T (2275) Denmark 1991 1/2-1/2 (63)}) (11... Nb6 12. Bd3 f6 13. Bb2
fxe5 14. fxe5 d5 15. Qe2 O-O 16. Nd2 Rae8 17. Nf3 dxc4 18. bxc4 Qb4+ 19. Qd2
Qxd2+ 20. Nxd2 Na4 21. O-O-O Nxb2 22. Kxb2 Rxe5 23. Kc2 Rf2 24. g3 Ra5 25. Kb3
Rf8 26. Bb1 {Charbonneau,P (2405)-Meng,F (2249) Vancouver 2002 0-1 (38)}) (
11... f5 12. Qf3 Nb4 $17) 12. Qf3 $14 O-O (12... O-O-O 13. Ba3 d6 14. Nc3 $11 (
14. Qxc6 $4 {the pawn is something White will choke on} Bb7 15. Qa4 Nh5 $19))
13. Be2 {White should quickly conclude development.} (13. Ba3 c5 14. Nc3 Rab8
$14) 13... Rfe8 (13... Rab8 14. Nc3 Ne8 $11) 14. O-O (14. Bb2 $142 $14) 14...
Bh8 $4 {gives the opponent new chances} (14... d6 $142 {would allow Black to
play on} 15. Ba3 c5 $11) 15. Nc3 (15. Ba3 Qe6 16. Nc3 $16 (16. exf6 {is the
less attractive alternative} Qxf6 17. Rc1 Qd4+ 18. Kf1 Qxa1 $17)) 15... Nh5 16.
Qh3 {[%cal Yf4f5] White prepares the advance f5} Ng7 17. Ne4 Ne6 18. f5 $4 {
hands over the advantage to the opponent} (18. Bb2 $142 d5 19. exd6 cxd6 20.
Bxh8 Kxh8 21. Qc3+ Ng7 22. Nxd6 Qxd6 23. c5 $16) 18... Bxe5 $17 19. fxe6 (19.
f6 $5 Qb4 20. Bd2 Qb6+ 21. Kh1 $17) 19... Qxe6 $19 20. Bg4 Bd4+ 21. Be3 Bxe3+ (
21... Qxe4 $142 {a shame that Black overlooked this excellent chance} 22. Bxd4
Qxd4+ 23. Kh1 Re3 $19) 22. Qxe3 $15 Qxe4 23. Qxe4 Rxe4 24. Bxd7 Rd8 {Black
threatens to win material: Rd8xd7} (24... Bb7 $142 $5 $15 {should be
investigated more closely}) 25. Bxc6 $14 Re7 26. Rfe1 Rxe1+ 27. Rxe1 Kf8 28.
Kf2 Bc8 29. Re5 Bf5 (29... Rd6 $142 $5 {might be a viable alternative} 30. Re8+
Kg7 $14) 30. Ra5 $16 Rd2+ 31. Ke3 Rd3+ 32. Kf4 Rd4+ (32... Ke7 33. Bf3 $16 (33.
Rxa7 $143 Kf6 34. h4 h6 $15)) 33. Ke5 Rd6 (33... Rd2 34. Rxa7 f6+ 35. Kf4 $16)
34. Bd5 f6+ (34... a6 35. c5 Rd7 36. Rxa6 $18) 35. Kf4 (35. Kd4 c6 36. Kc5 Rd7
37. Bxc6 Re7 $18) 35... c6 (35... a6 36. Rc5 Be6 37. Bb7 $16 (37. Rxc7 $6 Bxd5
38. cxd5 Rxd5 $14)) 36. Ra6 (36. Bf3 Rd4+ 37. Ke3 Rd3+ 38. Ke2 Rd7 39. Bxc6 Rc7
$18) 36... Bc8 $2 (36... Bb1 $142 37. Bf3 g5+ 38. Kg4 Rd2 $16) 37. Rxc6 $18
Rxc6 38. Bxc6 Ke7 39. c5 Kd8 40. b4 Kc7 41. Bd5 Bf5 (41... Bd7 42. Ke3 $18) 42.
a3 (42. a4 {and White can already relax} Bd3 $18) 42... Bd3 (42... Bd7 43. Bg8
h6 44. Bc4 $18) 43. g3 (43. a4 {seems even better} Bc2 44. a5 g5+ 45. Ke3 Ba4
$18) 43... Bc2 44. h4 Bd3 $6 {just waiting for the end} (44... Kd7 45. Ke3 $18)
45. Bg8 (45. h5 {keeps an even firmer grip} gxh5 46. Be4 Bc4 $18) 45... h5 (
45... Bc2 46. Ke3 h6 47. Bh7 $18) 46. Bd5 Bf5 (46... Bb5 $18 {hoping against
hope}) 47. Be4 Bxe4 (47... Bg4 $18 {is still a small chance}) 48. Kxe4 Kc6 49.
Kd4 g5 50. hxg5 fxg5 51. Ke5 h4 52. gxh4 gxh4 53. Kf4 a5 54. Kg4 axb4 55. axb4
Kb5 (55... Kd5 {does not help much} 56. Kh3 Ke5 57. c6 Kf5 58. c7 Kg6 59. c8=Q
Kg5 60. b5 Kf4 61. b6 Ke3 62. b7 Kd4 63. b8=Q Ke4 64. Qg4+ Kd5 65. Qb6 Ke5 66.
Qbd4#) 56. Kxh4 Kc6 57. Kg5 Kc7 (57... Kb5 {cannot change what is in store for
White} 58. Kg4 Kxb4 59. c6 Kc4 60. Kg3 Kb5 61. c7 Kc4 62. c8=Q+ Kd4 63. Qh8+
Kc4 64. Qf6 Kd5 65. Qd8+ Kc6 66. Kg4 Kb7 67. Kf5 Kc6 68. Ke4 Kc5 69. Qa5+ Kc4
70. Qd5+ Kc3 71. Qd3+ Kb2 72. Qb5+ Kc2 73. Qb4 Kd1 74. Qb2 Ke1 75. Ke3 Kd1 76.
Qd2#) 58. b5 Kc8 59. Kf6 Kc7 (59... Kd7 {doesn't get the cat off the tree} 60.
Ke5 Kd8 61. b6 Kd7 62. Kd5 Kc8 63. c6 Kd8 64. Kd6 Ke8 65. c7 Kf7 66. c8=Q Kf6
67. Qg4 Kf7 68. Qg5 Kf8 69. Ke6 Ke8 70. Qe7#) 60. Ke7 Kc8 (60... Kb8 {doesn't
change anything anymore} 61. Kd6 Kc8 62. b6 Kb7 63. c6+ Kxb6 64. c7 Kb5 65. Kd5
Ka5 66. Kc4 Ka6 67. c8=Q+ Kb6 68. Qd7 Ka6 69. Kc5 Ka5 70. Qb5#) 61. Kd6 Kb7 (
61... Kb8 {doesn't change the outcome of the game} 62. c6 Ka7 63. Kc5 Kb8 64.
b6 Kc8 65. Kd6 Kd8 66. b7 Ke8 67. b8=Q+ Kf7 68. c7 Kg6 69. Qb1+ Kg5 70. c8=Q
Kh4 71. Qg1 Kh5 72. Qh3#) 62. c6+ Kc8 (62... Kb6 {hardly improves anything} 63.
c7 Ka5 64. Kd5 Ka4 65. b6 Kb4 66. c8=Q Ka4 67. Qc4+ Ka3 68. b7 Kb2 69. b8=Q+
Ka3 70. Qbb4#) 63. b6 Kb8 (63... Kd8 {does not solve anything} 64. b7 Ke8 65.
b8=Q+ Kf7 66. c7 Kg7 67. Qb1 Kh6 68. c8=Q Kg7 69. Qbf5 Kh6 70. Qcf8#) 64. b7 (
64. b7 Ka7 65. Kc7 Ka6 66. b8=Q Ka5 67. Qb3 Ka6 68. Qb6#) 1-0

[Event "Hokkaido.Ch2022"]
[Site "?"]
[Date "2022.03.27"]
[Round "4.2"]
[White "Takeuchi, Hiroshi"]
[Black "Okuno, Rion"]
[Result "1-0"]
[WhiteElo "1371"]
[BlackElo "1167"]
[Annotator "Fritz 11 SE (30s)"]
[PlyCount "70"]
[SourceVersionDate "2022.03.28"]

{[%mdl 8256] B34: Sicilian: Accelerated Dragon with 5 Nc3: sidelines} 1. d4 Nf6
2. Nf3 g6 3. Nc3 c5 4. e4 cxd4 5. Nxd4 Nc6 6. Nf3 $146 (6. f4 Qb6 7. Nf3 d6 8.
Bc4 Bg7 9. Qd3 O-O 10. Bb3 Bg4 11. Be3 Qa5 12. O-O Bxf3 13. gxf3 Qh5 14. Kh1
Rad8 15. Rad1 Qh3 16. Qe2 Nh5 17. Rg1 Kh8 18. Qf2 Qc8 19. f5 e6 20. Bg5 Bf6 {
Ljubojevic,L (2510)-Bilek,I (2485) Teeside 1972 1-0 (33)}) (6. Bg5 Bg7 7. Nb3
O-O 8. Qd2 a5 9. a4 d6 10. Bb5 Be6 11. Rd1 Rc8 12. O-O Nb4 13. Nd4 Bd7 14. Rfe1
Ng4 15. Re2 h6 16. Bh4 g5 17. Bg3 Ne5 18. b3 Ng6 19. Bxd7 Qxd7 20. Ncb5 Rfd8 {
Bojkovic,S (2216)-Milenkovic,M (2329) Kraljevo 2014 1/2-1/2 (50)}) (6. Nb3 Bg7
7. g3 d6 8. Bg2 Bg4 9. f3 Be6 10. f4 a5 11. Be3 a4 12. Nd4 a3 13. Nxe6 fxe6 14.
O-O axb2 15. Rb1 Ra3 16. Bd2 Qb6+ 17. Kh1 h5 18. e5 Ng4 19. Qe2 d5 20. Nb5 Rxa2
{Nilsson,N (2245)-Auchenberg,P (2240) Copenhagen 1984 0-1 (55)}) (6. Be2 e5 7.
Nf3 d6 8. O-O Be7 9. Re1 O-O 10. h3 Be6 11. Bf1 Qa5 12. Bd2 Qd8 13. Bc1 Qa5 14.
Bd2 Qd8 15. Na4 d5 16. exd5 Nxd5 17. Nxe5 Nxe5 18. Rxe5 Bf6 19. Re1 Rc8 20. c4
Nb6 {Liang,J (2415)-Tischbierek,R (2435) Timisoara 1987 1/2-1/2}) (6. Nxc6 dxc6
7. Qxd8+ Kxd8 $14) 6... Qa5 7. Bd3 {Black is behind in developement. Black's
piece can't move: c8} Bg7 {White has a very active position} 8. O-O O-O 9. a3 {
Controls b4} (9. Bd2 $5 $11) 9... d5 10. exd5 Nxd5 11. Nxd5 Qxd5 12. Be2 Qa5
13. c3 {Prevents intrusion on b4+d4} Rd8 14. Qc2 Bf5 {Black threatens to win
material: Bf5xc2} 15. Qb3 {White threatens to win material: Qb3xb7} Qc7 16. Be3
e5 17. Rfd1 Be6 {Black threatens to win material: Be6xb3} 18. Qc2 (18. Qa4 $142
$5 $11 {is worthy of consideration}) 18... Nd4 $17 19. Bxd4 exd4 20. Ng5 (20.
c4 Bf5 21. Bd3 Bg4 $17) 20... Bf5 21. Qb3 (21. Bd3 $142 Bxd3 22. Rxd3 dxc3 23.
bxc3 Rxd3 24. Qxd3 $17) 21... h6 $4 {gives away a clear win} (21... Qe7 $142 {
Black clearly has the better chances} 22. h4 dxc3 23. Rxd8+ Rxd8 24. bxc3 h6 (
24... Qxe2 $6 25. Qxf7+ Kh8 26. Qb3 $17) 25. Nxf7 Be6 (25... Qxf7 $4 26. Bc4
Rf8 27. Re1 $18) 26. Nxh6+ Bxh6 $19) 22. Nxf7 $1 $18 {a fitting end to a
beautiful game} Kh7 (22... Qxf7 23. Bc4 {Combination}) 23. Nxd8 Rxd8 24. Bd3 $4
{White loses the upper hand} (24. cxd4 {might be the shorter path} Bc2 25. Rdc1
Qxh2+ (25... Bxb3 $4 {going for material but overlooking...} 26. Rxc7 b6 27.
Rac1 $18) 26. Kxh2 Bxb3 $18) 24... Bg4 $4 {leads to further unpleasantness} (
24... dxc3 $142 25. Bxf5 cxb2 26. Bxg6+ Kxg6 $16) 25. f3 $18 Bd7 26. Qf7 (26.
cxd4 {might be the shorter path} Bxd4+ 27. Kh1 Bc6 $18) 26... Qb6 27. Kh1 Be8
28. Qe7 dxc3 $2 (28... Ba4 29. Re1 dxc3 $18) 29. bxc3 Kh8 (29... Rb8 {doesn't
do any good} 30. Rab1 Qf6 31. Rxb7 Rxb7 32. Qxb7 $18 (32. Qxe8 $6 {is the
weaker alternative} Qf7 33. Qe1 Re7 $18)) 30. h3 (30. Be4 $142 {makes it even
easier for White} Rc8 $18) 30... Bf6 $4 {leading to a quick end} (30... Ba4 31.
Rdb1 Qf6 $18) 31. Qf8+ Kh7 32. Bc4 h5 (32... Ba4 {praying for a miracle} 33.
Qf7+ Bg7 $18) 33. Bg8+ Kh8 34. Bf7+ Kh7 35. Qg8+ Kh6 1-0

[Event "Hokkaido.Ch2022"]
[Site "?"]
[Date "2022.03.27"]
[Round "4.3"]
[White "Sugimoto, Koichi"]
[Black "Akai, Kiyotaka"]
[Result "1-0"]
[WhiteElo "1978"]
[BlackElo "1786"]
[Annotator "Fritz 11 SE (30s)"]
[PlyCount "65"]
[SourceVersionDate "2022.03.28"]

{[%mdl 8256] D34: Tarrasch Defence: 6 g3 Nf6 7 Bg2 Be7} 1. d4 d5 2. c4 e6 3.
Nf3 c5 4. cxd5 exd5 5. g3 Nc6 6. Bg2 Nf6 7. O-O Be7 8. Nc3 O-O 9. Bg5 c4 10.
Rc1 (10. b3 Qa5 11. Bd2 Bb4 12. Qe1 Qa6 13. e3 Re8 14. Ne5 Nxe5 15. dxe5 Rxe5
16. Nxd5 Nxd5 17. Bxb4 Bf5 18. Bc3 Nxc3 19. Qxc3 Rc5 20. b4 Rcc8 21. e4 Be6 22.
a4 Rd8 23. b5 Qb6 24. Rfd1 Rxd1+ {Haik,A (2445)-Miralles,G (2425) Marseille
1987 0-1 (38)}) 10... Re8 $146 (10... h6 11. Bf4 (11. Bxf6 Bxf6 12. e3 Be6 13.
b3 Na5 14. bxc4 (14. Ne5 Rc8 15. f4 Bxe5 16. fxe5 Qg5 17. Rf4 cxb3 18. axb3
Rfd8 19. Ne2 Qe7 20. Rf1 Qb4 21. Rxc8 Rxc8 22. Nf4 Rd8 23. Nxe6 fxe6 24. Qg4
Re8 25. Qg6 Qe7 26. e4 {1-0 (26) Lieb,H (2155)-Fischer,M (2163) Germany 2014})
14... Nxc4 15. Nd2 Rc8 16. Nxc4 Rxc4 17. Ne2 Qa5 18. Nf4 Rxc1 19. Qxc1 Qxa2 20.
Qa1 Qxa1 {1/2-1/2 (20) Headlong,T (2179)-Holland,J (2200) England 2011}) 11...
Bf5 12. Be5 Re8 13. Re1 Ne4 14. a3 Rc8 15. Qa4 Qd7 16. Qd1 Qe6 17. Bf4 Bf6 18.
Be3 Rcd8 19. Qa4 Bh3 20. Qb5 Bxg2 21. Kxg2 Rd7 22. Nxe4 Qxe4 23. Kg1 a6 24. Qa4
h5 25. b3 {Jancovic,P (2171)-Privara,I (2205) Slovakia 2015 1-0 (36)}) (10...
Be6 11. b3 cxb3 12. Qxb3 $11) 11. Ne5 Be6 12. f4 {White has a new backward
pawn: e2. Black has an active position} Ng4 (12... Qb6 13. e3 Qxb2 14. f5 $14)
13. Bxe7 (13. Nxg4 Bxg4 14. Bxd5 Rc8 $14) 13... Nxe7 $11 14. Qd2 Nf6 15. e3 Qa5
(15... Rb8 16. Bf3 $11) 16. b3 (16. e4 dxe4 17. Nxe4 Qxd2 18. Nxd2 Rad8 $14)
16... b5 17. bxc4 bxc4 18. h3 {Covers g4} h5 19. Qe2 Nf5 {Black threatens to
win material: Nf5xg3} 20. Qf2 {Black has an active position} (20. Qe1 $142 Nh6
21. e4 dxe4 22. Nxe4 Qxe1 23. Rfxe1 Nxe4 24. Bxe4 $14) 20... Rac8 $4 {gives
the opponent counterplay} (20... Nd6 $142 $11 {is the best option Black has})
21. g4 $16 hxg4 (21... Nd6 22. f5 Bd7 23. g5 $18) 22. hxg4 Nxe3 (22... Nd6 23.
f5 Bd7 $18) 23. Qxe3 $18 Bxg4 (23... Nxg4 24. Nxg4 Bxg4 25. Qg3 $18) 24. Qg3
Bf5 25. Qg5 Bd3 (25... Be4 26. Nxe4 Nxe4 27. Bxe4 dxe4 28. Nxf7 Qxg5+ 29. fxg5
$18) 26. Rf3 (26. Nxd3 {and White can already relax} cxd3 27. Nxd5 Nxd5 28.
Bxd5 Qb6 29. Rxc8 Rxc8 30. Bxf7+ Kf8 $18) 26... Nh7 $2 (26... Qa3 27. Rg3 Qxc1+
28. Kh2 Bg6 29. Nxg6 Re3 (29... fxg6 $4 30. Qxg6 Rc7 31. Nxd5 $18) 30. Nxd5
Nxd5 31. Ne7+ Kf8 32. Nxc8 g6 33. Qh6+ Ke8 34. Bxd5 Kd7 35. Qh3+ Re6 36. Bxe6+
fxe6 $18) 27. Qh5 Re7 (27... g6 {cannot undo what has already been done} 28.
Qh6 Bf5 29. Re3 $18) 28. Rh3 f6 (28... Rxe5 {a last effort to resist the
inevitable} 29. Qxe5 Qc7 30. Nxd5 Qxe5 31. fxe5 Rb8 $18) 29. Nxd3 g6 30. Bxd5+
Kh8 31. Qh4 cxd3 32. Qxf6+ Rg7 33. Rxh7+ $1 {Decoy: h7} (33. Rxh7+ Kxh7 34.
Qh4#) 1-0

[Event "Hokkaido.Ch2022"]
[Site "?"]
[Date "2022.03.27"]
[Round "4.4"]
[White "Pradipta, Davi Ernest"]
[Black "Nishimori, Toshiyuki"]
[Result "1-0"]
[WhiteElo "1648"]
[BlackElo "1675"]
[Annotator "Fritz 11 SE (30s)"]
[PlyCount "119"]
[SourceVersionDate "2022.03.28"]

{[%mdl 8256] D02: 1 d4 d5 2 Nf3 sidelines, including 2...Nf6 3 g3 and 2...Nf6
3 Bf4} 1. d4 d5 2. Bf4 Nf6 3. Nf3 e6 4. e3 Bd6 5. Bg3 O-O 6. Bd3 Qe7 $146 (6...
Ne4 7. Bxe4 (7. Nbd2 f5 8. Ne5 Nxd2 9. Qxd2 Nd7 10. O-O-O Bxe5 11. Bxe5 Nxe5
12. dxe5 Bd7 13. f4 Qe7 14. g4 c5 15. gxf5 exf5 16. Bc4 dxc4 17. Qxd7 Qxd7 18.
Rxd7 Rf7 19. Rhd1 Re8 20. R1d5 b6 21. Kd2 g5 {Bodi,T (2185)-Salanki,E (2296)
Hungary 2010 1-0 (35)}) 7... dxe4 8. Nfd2 f5 9. O-O Nc6 10. Bxd6 cxd6 11. Nc3
d5 12. f4 b6 13. a3 Ba6 14. Rf2 Rc8 15. Nf1 Na5 16. Qe1 Qh4 17. g3 Qe7 18. Nd1
Rc7 19. b4 Nc4 20. a4 Bc8 21. c3 {Mason,J-Blackburne,J London 1883 1/2-1/2 (33)
}) (6... c5 7. c3 Qc7 (7... Nc6 8. O-O Bxg3 9. hxg3 Qd6 10. Bb5 Bd7 11. Nbd2
Nxd4 12. Nxd4 cxd4 13. Bxd7 dxe3 14. fxe3 Nxd7 15. g4 Qb6 {0-1 (15)
Ptaschinski,D (2220)-Boricsev,O (2415) Eger 1992}) 8. Ne5 Nbd7 9. f4 b6 10. Nd2
Bb7 11. Qf3 c4 12. Bc2 b5 13. Bh4 b4 14. Qh3 Ne4 15. O-O f5 16. Nxe4 dxe4 17.
Nxc4 bxc3 18. bxc3 Ba6 19. Nxd6 Qxd6 20. Rfc1 Rac8 21. Bb3 {Chernyshov,K (2544)
-Brinck Claussen,B (2359) Budapest 2006 1/2-1/2 (31)}) (6... b6 7. c3 c5 8.
Nbd2 Ba6 9. Bxa6 Nxa6 10. Qe2 Nc7 11. Ne5 h6 {1/2-1/2 (11) Slabek,A (2155)
-Sikora Gizynska,B (2225) Prague 1992}) 7. Ne5 b6 8. f4 c5 9. c3 c4 {Black
threatens to win material: c4xd3} 10. Bc2 Ne4 (10... Qc7 11. O-O $11) 11. Nd2 (
11. Bxe4 $142 dxe4 12. Nxc4 $14) 11... f6 $2 (11... Nxd2 12. Qxd2 Bb7 13. O-O
$11) 12. Nef3 $4 {Loses material. releasing the pressure on the opponent} (12.
Nxe4 $142 $5 fxe5 13. Nxd6 (13. dxe5 $6 Bxe5 14. fxe5 dxe4 $16) (13. fxe5 $6
Bxe5 14. dxe5 dxe4 $16) 13... Qxd6 14. fxe5 $18) 12... Bb7 (12... f5 $142 $5
$11 {is an interesting alternative}) 13. Nxe4 $16 dxe4 14. Nd2 f5 15. a4 $4 {
a transit from better to worse} (15. Nxc4 Nd7 $16) 15... Nd7 (15... Rc8 $142
$15 {would keep Black in the game}) 16. Nxc4 $16 Bc7 17. Bb3 Bd5 18. Nd2 Rad8
19. c4 Bb7 20. Qh5 {Black king safety dropped} Nf6 21. Qe2 {Black king safety
improved} Kh8 22. Bh4 Bc8 (22... h6 23. a5 $16) 23. h3 Qe8 (23... Qb4 24. O-O
$16) 24. g4 g6 (24... Ba6 25. O-O-O $16) 25. Bxf6+ Rxf6 26. g5 Rf8 (26... Rf7
27. O-O-O $16) 27. h4 $18 Rd7 28. h5 Rg7 29. hxg6 Rxg6 30. Qh5 Qf7 31. Qh2 $4 {
a transit from better to worse} (31. c5 $142 $18 {White had this great chance})
31... Rxg5 $11 32. O-O-O Rg7 33. Rdg1 Rxg1+ 34. Rxg1 Rg8 35. Rxg8+ Qxg8 36. Nf1
Bd6 37. d5 exd5 38. cxd5 Bb7 {Black threatens to win material: Bb7xd5} 39. Qd2
Qc8+ 40. Kb1 Kg8 (40... Qg8 41. Qe1 $11) 41. Qg2+ (41. Ng3 $5 $16) 41... Kh8
$11 42. Qd2 {Twofold repetition} Ba6 {Black threatens to win material: Ba6xf1}
(42... Kg8 43. Ng3 Ba6 44. Ka2 $16) 43. Qd4+ Kg8 44. Qf6 {White threatens to
win material: Qf6xd6} Qf8 {Black threatens to win material: Qf8xf6} 45. Qe6+ $4
{White is ruining his position} (45. Qg5+ $142 Kh8 46. Ng3 $11) 45... Kg7 (
45... Kh8 $142 {and Black wins} 46. Qd7 Bxf1 47. Qxa7 Bd3+ 48. Ka2 h5 $19) 46.
Ng3 $18 Bc8 47. Nh5+ (47. Nxf5+ $142 {and White takes home the point} Qxf5 48.
Qxd6 $18) 47... Kh8 $19 48. Qf6+ Qxf6 49. Nxf6 Be7 (49... Bc5 50. d6 Bxd6 51.
Kc2 $19) 50. Ne8 (50. Nh5 Bc5 $19) 50... Bc5 51. d6 (51. Kc2 $142 h5 52. Kd2
$19) 51... Bxe3 $4 {allows the opponent back into the game} (51... h5 $142 {
makes sure everything is clear} 52. Bc4 h4 $19) 52. Nf6 $17 Bxf4 53. d7 Bxd7 $1
{securing the lead.} 54. Nxd7 h5 (54... Kg7 $142 $5 $17) 55. Be6 $11 e3 {
Pushes the passed pawn} 56. Bc4 (56. Bxf5 $4 {capturing this pawn is a mistake}
e2 57. Ka2 Kg7 $19) 56... h4 57. Kc2 h3 {He broke from his leash} 58. Kd3 h2
59. Bd5 Be5 $4 {ignoring the path to victory} (59... Kg7 $142 $11 {would hold
out}) 60. Nxe5 $18 1-0